logo

Bir Sreshtho Munshi Abdur Rouf Library
Jhenaidah Cadet College

প্রকৌশলী এসএম শহীদুল্লাহ এর জীবন ও কর্ম / (Record no. 1606)

MARC details
000 -LEADER
fixed length control field 00751nam a2200241 a 4500
001 - CONTROL NUMBER
JCCL Control Number 1606
003 - CONTROL NUMBER IDENTIFIER
JCCL marc code BD-JhCC
005 - DATE AND TIME OF LATEST TRANSACTION
control field 20171022134249.0
008 - FIXED-LENGTH DATA ELEMENTS--GENERAL INFORMATION
fixed length control field 171022s2015 bg |||| |||| 00| 0 ben d
020 ## - INTERNATIONAL STANDARD BOOK NUMBER
International Standard Book Number 8864120076
035 ## - SYSTEM CONTROL NUMBER
system control number (BD-JhCC)1606
040 ## - CATALOGING SOURCE
Original cataloging agency BD-JhCC
Modifying agency BD-JhCC
041 ## - LANGUAGE CODE
Language code of Book ben
082 ## - DEWEY DECIMAL CLASSIFICATION NUMBER
Classification number 923.1
Author mark and Year KAR 2015
100 ## - MAIN ENTRY--PERSONAL NAME
Personal name মোঃ বজলুল করিম
245 ## - TITLE STATEMENT
Title প্রকৌশলী এসএম শহীদুল্লাহ এর জীবন ও কর্ম /
Statement of responsibility, etc মোঃ বজলুল করিম
260 ## - PUBLICATION, DISTRIBUTION, ETC. (IMPRINT)
Place of publication, distribution, etc খুলনা :
Name of publisher, distributor, etc মিতালী বইঘর,
Date of publication, distribution, etc 2015.
300 ## - PHYSICAL DESCRIPTION
Pagination 150 p. :
Dimensions 21 cm.
600 ## - SUBJECT ADDED ENTRY--PERSONAL NAME
Personal name Karim, Md. Bazlul
650 ## - SUBJECT ADDED ENTRY--TOPICAL TERM
Topical term or geographic name as entry element Biography
942 ## - ADDED ENTRY ELEMENTS (KOHA)
Source of classification or shelving scheme Dewey Decimal Classification
Koha item type Books
Holdings
Source of classification or shelving scheme Damaged status Not for loan Home library Current library Shelving location Date of accession Cost, normal purchase price Total Checkouts Full call number Barcode Date last seen Copy number Koha item type
Dewey Decimal Classification     JCC Rouf Library JCC Rouf Library General Stacks 10/22/2017 250.00   923.1 KAR 2015 2819 10/22/2017 C-2 Books
Dewey Decimal Classification     JCC Rouf Library JCC Rouf Library   10/22/2017 250.00   923.1 KAR 2015 2820 10/22/2017 C-1 Books

JCC Library | Contacts | JCC Home

Last Update on 23 September 2017
Copyright @ 2017-2020 JCC Rouf Library
Rouf Library, Jhenidah Cadet College (JCC), Bangladesh